| 000 | 00439nam a2200145Ia 4500 | ||
|---|---|---|---|
| 008 | 191206s9999 xx 000 0 und d | ||
| 020 | _a394468376 | ||
| 090 | _aPR471R3 | ||
| 245 | 0 | _a"Mythology of Imperialism: Rudyard Kipling, Joseph Conrad, E. M. Forster, D. H. Lawrence, and Joyce Cary" | |
| 250 | _a[1st ed.] | ||
| 260 | _aRandom House | ||
| 260 | _cc[1971] | ||
| 300 | _a"xv, 335 p. 22 cm." | ||
| 999 |
_c16539 _d16539 |
||